00924nam a2200265 a 450000100060000000300080000600500170001400800410003102000150007203500190008704000320010604100080013808200270014610000280017324500420020126000400024330000300028349000540031350000200036750400300038760000910041794200120050899900170052095201210053762649BD-RjUL20211209081116.0170124s1978 mauc b 001 0 eng d a0805772421 a(BD-RjUL)62775 aDLCcDLCdDLCdBD-RjULbeng aeng00a811.54223 bGAW 1978 1 aGaston, Paul L.918627100aW. D. Snodgrass /cby Paul L. Gaston. aBoston :bTwayne Publishers,c1978. a173 p. :bill. ; c21 cm.0 aTwayne's United States authors series ; TUSAS 316 aIncludes index. aBibliography: p. 167-170.10aSnodgrass, W. D.q(William De Witt),d1926-2009xCriticism and interpretation.9189473 2ddccBK c62649d62649 00102ddc40718NFICaRUCLbRUCLcReadingd1985-10-20l0o811.54 GAW 1978r2017-01-24 00:00:00tC-1w2021-12-09yBK